|
|
|
|
| LEADER |
01524nam a2200385 a 4500 |
| 001 |
001168780 |
| 003 |
CZ BrMZK |
| 005 |
20120102141120.0 |
| 007 |
ta |
| 008 |
110915s1989 xr e f 000 0 cze |
| 020 |
|
|
|q (Brož.)
|
| 040 |
|
|
|a BOA001
|b cze
|
| 043 |
|
|
|a e-cs---
|
| 080 |
|
|
|a 656.025.4.022.9
|2 MRF
|
| 080 |
|
|
|a 005.51
|2 MRF
|
| 080 |
|
|
|a 311.21
|2 MRF
|
| 080 |
|
|
|a (437)
|2 MRF
|
| 080 |
|
|
|a (083.15)
|2 MRF
|
| 080 |
|
|
|a (072)
|2 MRF
|
| 245 |
0 |
0 |
|a Směrnice pro zpravodajské jednotky k státním statistickým zjišťováním za úsek silniční závodová doprava :
|b účinnost od 1. ledna 1990 : (registrováno FSÚ Č. Vk 202/1990 z 4.7.1989)
|
| 260 |
|
|
|a Praha :
|b Statistické a evidenční vydavatelství tiskopisů,
|c [1989]
|
| 300 |
|
|
|a 37 s. ;
|c 21 cm
|
| 490 |
1 |
|
|a Směrnice a pokyny čs. statistiky ;
|v 12/2 Dop DZ
|
| 550 |
|
|
|a Vydavatel: Federální statistický úřad
|
| 650 |
0 |
7 |
|a dopravní logistika
|7 ph436695
|z Československo
|2 czenas
|
| 650 |
0 |
7 |
|a logistika (management)
|7 ph122437
|z Československo
|2 czenas
|
| 650 |
0 |
7 |
|a statistická šetření
|7 ph191042
|z Československo
|2 czenas
|
| 655 |
|
7 |
|a směrnice
|7 fd133465
|2 czenas
|
| 655 |
|
7 |
|a metodické příručky
|7 fd132826
|2 czenas
|
| 710 |
1 |
|
|a Československo.
|b Federální statistický úřad
|7 ko2003181656
|
| 830 |
|
0 |
|a Směrnice a pokyny čs. statistiky
|
| 910 |
2 |
|
|a BOA001
|b 2-1270.731
|
| 990 |
|
|
|a BK
|
| 991 |
|
|
|b 201109
|e n
|
| 996 |
6 |
|
|b 2610488249
|c 2-1270.731
|l MZK
|r Sklad / do 1 hodiny
|n 0
|p dar
|w 001202459
|u 000010
|a 1
|e BOA001
|j MZK50
|s P
|